Towns of Long Island - Statistics

General Stats
  • This quiz has been taken 49 times
  • The average score is 6 of 13
Answers on the Map
Answers color-coded by a green-red scale on the quiz's map according to % correct below.
 
Answer Stats
Towns % Correct
Hempstead
73%
Oyster Bay
67%
Babylon
57%
Brookhaven
50%
North Hempstead
50%
Riverhead
50%
Southampton
50%
Huntington
47%
Islip
43%
East Hampton
37%
Smithtown
37%
Shelter Island
30%
Southold
30%
No matching quizzes found
Score Distribution
Percent of People with Each Score
Percentile by Number Answered
Your Score History
You have not taken this quiz